000 00691nam a22002057a 4500
999 _c146839
_d146839
005 20230628164024.0
010 _aENG-121070 ENG-137203
020 _c200.00
_a8180642119
035 _aEN-104602 EN-120735
037 _bDBAD/PUB
082 _a954.04
100 _aPal, Sakti Pada
245 _aMuzaffar Ahmad and the Indian communist movement/
_cby Sakti Pada Pal ; forworded by Swapan Kumar Pramanick
260 _aKolkata
_bProgressive Publishers
_c2012
270 _a37/A, College Street
_bKolkata
300 _a248p.
_c22cm(Hb)
500 _aIncludes bibliographical references and index
700 _aPramanick, Swapan Kumar
942 _2ddc
_cEN
_h954.04
_mPAL